000 01435cam a22002054a 4500
005 20250605164106.0
008 250528s ||||||||||||||||||||||||d
035 _a17754
020 _a9780982978658
040 _aGR-AtMCL
_bgre
_dGR-AtMCL
_eAACR2
245 1 _aTrail Guide to the Body / A Hands-on Guide to Locating Muscles, Bones, and more
250 _a5th
260 _bBooks of Discovery,
_c2014
300 _a496
520 _aThis book will teach you to palpate the body's structures with ease and precision. Introduction - Tour Guide Trips, Navigating the Body, Shoulder and Arm, Bones of the Shoulder and Arm, Muscles of the Shoulder and Arm, Other Structures of the Shoulder and Arm, Forearm and Hand, Bones of the Forearm and Hand, Other Structures of the Forearm and Hand, Spine and Thorax, Bones of the Spine and Thorax, Muscles of the Spine and Thorax, Other Structures of the Spine and Thorax, Head and Neck and Face, Bones and Bony Landmarks of the Head and Neck and Face, Muscles of the Head and Neck and Face, Other Structures of the Head and Neck and Face, Pelvis and Thigh, Bones of the Pelvis and Thigh, Muscles of the Pelvis and Thigh, Other Structures of the Pelvis and Thigh, Leg and Foot, Bone of the Knee and Leg and Foot, Bones and Bony Landmarks of the Ankle and Foot, Muscles of the Leg and Foot, Appendices.
700 1 _aBiel Andrew
_93959
942 _cBK
999 _c3155
_d3155